000
00280 a2200133 4500
001
194797
040
_c
Magnum
100
_a
Azevedo, Aluísio
240
1
0
_a
A condessa Vésper
_l
por
245
1
0
_a
A condessa Vésper
300
_a
291
697
_a
LITERATURA GERAL
942
_c
BK
999
_c
194797
_d
194797